• 首页
  • 本馆介绍
  • 公告通知
  • 最新文献
  • 馆藏检索
  • 电子资源
  • 读者导购
  • 参考咨询
  • 我的图书馆
  • 登录
  • 详细信息显示
  • 放入我的书架
  • 预约/预借图书
  • 作者相关作品
  • 分类相关作品
  • 丛书相关作品
  • 出版社相关作品

书目信息

  • 表格格式
  • 工作单格式
  • 卡片格式
题名:
电路分析基础
    
 
作者: 童建华主编
分册:  
出版信息: 大连   大连理工大学出版社  2018
页数: 294页
开本: 26cm
丛书名:
单 册:
中图分类: TM133
科图分类:
主题词: 电路分析--高等职业教育--教材
电子资源:
ISBN: 978-7-5685-1545-0
000 00908nam0 2200229 450
001 0104615761
005 20181031151550.0
010    @a978-7-5685-1545-0@dCNY46.80
100    @a20181031d2018 em y0chiy0120 ea
101 0  @achi
102    @aCN@b210000
105    @aa z 000yy
106    @ar
200 1  @a电路分析基础@9Dian Lu Fen Xi Ji Chu @f童建华主编@b专著
210    @a大连@c大连理工大学出版社@d2018
215    @a294页@c图@d26cm
300    @a“十二五”职业教育国家规划教材 新世纪高职高专电子信息类课程规划教材3
330    @a本书共8章:第1章 介绍了电路的基本概念和定律,第2章 介绍了直流电路的分析,第3章 介绍了正弦交流电路的基本概念,第4章 介绍了正弦交流电路的分析,第5章 介绍了互感电路,第6章 介绍了三相电路,第7章 介绍了非正弦周期电路,第8章 介绍了动态电路。
606 0  @a电路分析@x高等职业教育@j教材
690    @aTM133@v5
801  0 @aCN@bAZmarc@c20230905
905    @aBZT@dTM133@e12@f9@sTM133/12
    
    电路分析基础/童建华主编.-大连:大连理工大学出版社,2018
    294页:图;26cm
    “十二五”职业教育国家规划教材 新世纪高职高专电子信息类课程规划教材3
    
    ISBN 978-7-5685-1545-0:CNY46.80
    本书共8章:第1章 介绍了电路的基本概念和定律,第2章 介绍了直流电路的分析,第3章 介绍了正弦交流电路的基本概念,第4章 介绍了正弦交流电路的分析,第5章 介绍了互感电路,第6章 介绍了三相电路,第7章 介绍了非正弦周期电路,第8章 介绍了动态电路。
●
相关链接 在五车中查询图书 在当当中查询图书 在豆瓣中查询图书


正题名:电路分析基础     索取号:TM133/12         预约/预借

序号 登录号 条形码 馆藏地/架位号 状态 备注
1 2000010743   2000010743   旧书回溯/ [索取号:TM133/12] 在馆    
2 2000010744   2000010744   旧书回溯/ [索取号:TM133/12] 在馆    
3 2000010745   2000010745   旧书回溯/ [索取号:TM133/12] 在馆    
4 2000010746   2000010746   旧书回溯/ [索取号:TM133/12] 在馆    
5 2000012233   2000012233   旧书回溯/ [索取号:TM133/12] 在馆    
6 2000012234   2000012234   旧书回溯/ [索取号:TM133/12] 在馆    
7 2000012235   2000012235   旧书回溯/ [索取号:TM133/12] 在馆    
8 2000012236   2000012236   旧书回溯/ [索取号:TM133/12] 在馆    
9 2000024411   2000024411   旧书回溯/ [索取号:TM133/12] 在馆    
山东省滨州职业学院图书馆 欢迎您!
大连网信软件有限公司© 版权所有